| 000 | nam a22 a 4500 | ||
|---|---|---|---|
| 999 |
_c2491 _d2491 |
||
| 005 | 20170516164505.0 | ||
| 008 | 170516b1985 enk||||| |||| 00| 0 eng d | ||
| 020 |
_a0713715863 (pbk) _c£1.95 |
||
| 040 | _aAKMAL | ||
| 082 |
_219 _a613.71 PLU |
||
| 090 |
_a613.71 _bPLU |
||
| 100 |
_aPlumridge, Laurie. _95180 |
||
| 245 |
_aFit and superfit / _cLaurie Plumridge. |
||
| 260 |
_aPoole _bJavelin _c1985. |
||
| 300 |
_a[110]p. _bill., forms _c20cm |
||
| 650 |
_aExercise. _95181 |
||
| 650 |
_aPhysical fitness. _94512 |
||
| 852 |
_aBritish Library _bHMNTS |
||
| 942 |
_2ddc _cBOOK |
||